000 00517nam a2200145Ia 4500
008 100122s9999 xx 000 0 und d
082 _b46173
_a823.08
100 _aमाने राजेंद्र
245 _aमुखवट्या मागचे चेहरे
260 _bनीहारा प्रकाशन
_c1991
300 _a128
630 _aमुखवट्या मागचे चेहरे
730 _aमुखवट्या मागचे चेहरे
942 _cBOOK
999 _c425417
_d425414